000 00808nam a22002177a 4500
005 20100814154642.0
010 _aENG-100535
020 _c100.00
035 _aEN-84068
037 _bDBAD/PUB
082 _a420
100 _aSivakumari, A. V.
_913546
245 _aComparative analysis vocabulary of hindi and telugu :
_bwith special reference to the mistakes committed by the students /
_cby A. V. Sivakumari
250 _a2nd ed
260 _aChennai
_bParkar
_c2008
270 _a293, Ahamed Complex, 2nd Floor Royapettah High Road,
_bChennai
_e600014
300 _aiii, 128p.
_c21cm (pbk)
500 _aIncludes bibliographical references
942 _2ddc
_cEN
_h420
_mSIV
999 _c41986
_d41986